| 000 | 00612nam a22002057a 4500 | ||
|---|---|---|---|
| 005 | 20191010152120.0 | ||
| 008 | 191010b xxu||||| |||| 00| 0 spa d | ||
| 041 | _aeng | ||
| 082 | _aDE 225 | ||
| 100 |
_aMartínez Chavarria, Diana _956347 |
||
| 245 | _aPropuesta de instalación para un modelo de teletrabajo en Asesoría Segura y Asociados | ||
| 260 | _c2018 | ||
| 300 | _a42 páginas | ||
| 650 |
_aCOSTA RICA _956367 |
||
| 650 |
_aADMINISTRACIÓN DE EMPRES _956368 |
||
| 650 |
_aTELETRABAJO _91603 |
||
| 650 |
_aMANUAL DE PUESTOS _910161 |
||
| 650 |
_aASESORÍA SEGURA Y ASOCIADOS _956369 |
||
| 942 | _cIP | ||
| 999 |
_c12392 _d12392 |
||